[Event "EU-ch U12 31st"]
[Site "Mamaia"]
[Date "2023.09.05"]
[Round "1"]
[White "Petroff, Vlad"]
[Black "Nemitz, Alfred"]
[Result "1/2-1/2"]
[WhiteElo "1705"]
[BlackElo "2300"]
[PlyCount "88"]
[EventDate "2023.09.05"]
[EventType "swiss"]
[EventRounds "9"]
[EventCountry "ROU"]
[SourceTitle "EXT 2024"]
[Source "ChessBase"]
[SourceDate "2023.10.10"]
[SourceVersion "1"]
[SourceVersionDate "2023.10.10"]
[SourceQuality "1"]

1. d4 Nf6 2. Bg5 Ne4 3. Bf4 d5 4. e3 c5 5. Bd3 e6 6. Bxe4 dxe4 7. Nc3 cxd4 8. exd4 Bb4 9. Nge2 0-0 10. 0-0 f5 11. d5 Na6 12. a3 Bxc3 13. Nxc3 exd5 14. Qxd5+ Qxd5 15. Nxd5 Be6 16. Rad1 Rfd8 17. Nc3 h6 18. h4 Nc5 19. Be3 b6 20. Rxd8+ Rxd8 21. Rd1 Rxd1+ 22. Nxd1 Nd7 23. Nc3 Bc4 24. b3 Ba6 25. Nd5 Kf7 26. Kh2 Bb7 27. Nc3 Bc6 28. Kh3 Nf6 29. a4 Ke7 30. a5 Bd7 31. Kh2 Ng4+ 32. Kg1 Nxe3 33. axb6 axb6 34. fxe3 Kd6 35. Kf2 Ke5 36. g3 Be8 37. Ne2 g5 38. hxg5 hxg5 39. Nc3 Bc6 40. Ne2 Be8 41. Nc3 Kd6 42. Ke1 Bc6 43. Ke2 Ke5 44. Kf2 Be8 1/2-1/2

[Event "GER-ch U12"]
[Site "Willingen"]
[Date "2023.05.28"]
[Round "1"]
[White "Nemitz, Alfred"]
[Black "Krueger, Moritz"]
[Result "1-0"]
[WhiteElo "2079"]
[BlackElo "1582"]
[PlyCount "63"]
[EventDate "2023.05.27"]
[EventType "swiss"]
[EventRounds "9"]
[EventCountry "GER"]
[SourceTitle "CBM 214 Extra"]
[Source "ChessBase"]
[SourceDate "2023.07.31"]
[SourceVersion "1"]
[SourceVersionDate "2023.07.31"]
[SourceQuality "1"]

1. d4 Nf6 2. Nf3 d5 3. c4 e6 4. Nc3 Be7 5. cxd5 exd5 6. Qc2 Bg4 7. Ne5 Bh5 8. Bf4 0-0 9. e3 Nbd7 10. Bd3 c6 11. 0-0 Bg6 12. Nxg6 hxg6 13. h3 Nb6 14. Rab1 a5 15. Rbd1 Ne8 16. Rfe1 Nd6 17. b3 Re8 18. f3 Bf6 19. Bg3 Re6 20. Bf2 Bh4 21. g3 Bf6 22. e4 dxe4 23. fxe4 Ne8 24. Be2 Be7 25. Bg4 f5 26. exf5 Rxe1+ 27. Rxe1 gxf5 28. Bxf5 Bb4 29. Be6+ Kh8 30. Re5 Nf6 31. Qg6 Qe8 32. Bf7 1-0

[Event "Werther Schloss op 26th"]
[Site "Werther"]
[Date "2023.04.01"]
[Round "5"]
[White "Nemitz, Alfred"]
[Black "Teichert, Felix"]
[Result "1/2-1/2"]
[WhiteElo "2143"]
[BlackElo "2014"]
[PlyCount "82"]
[EventDate "2023.03.30"]
[EventType "swiss"]
[EventRounds "7"]
[EventCountry "GER"]
[SourceTitle "CBM 213 Extra"]
[Source "ChessBase"]
[SourceDate "2023.05.31"]
[SourceVersion "1"]
[SourceVersionDate "2023.05.31"]
[SourceQuality "1"]

1. d4 d5 2. c4 dxc4 3. Nf3 a6 4. a4 Nf6 5. e3 Bg4 6. Bxc4 e6 7. h3 Bh5 8. Nc3 Nc6 9. 0-0 Bd6 10. Be2 0-0 11. e4 Bxf3 12. Bxf3 Nxd4 13. Be3 c5 14. a5 Bc7 15. Na4 Qd6 16. g3 e5 17. Rc1 b6 18. b4 bxa5 19. bxc5 Qe6 20. Bxd4 Rad8 21. Bg2 Rxd4 22. Qc2 Qc6 23. Nb2 Rb8 24. Rfe1 a4 25. Nd3 Rbd8 26. Rcd1 Qb5 27. Bf1 Qb3 28. Qd2 Nxe4 29. Qe3 Nc3 30. Rc1 Nd5 31. Qf3 f6 32. Rb1 Qc3 33. Rec1 Qa5 34. Qf5 e4 35. Nb2 a3 36. Nc4 Qxc5 37. Ne5 Qd6 38. Nc6 Ne7 39. Nxe7+ Qxe7 40. Rb7 g6 41. Rcxc7 gxf5 1/2-1/2

[Event "Staufer op 33rd"]
[Site "Schwaebisch Gmuend"]
[Date "2023.01.05"]
[Round "7"]
[White "Nemitz, Alfred"]
[Black "Kern, Johannes"]
[Result "1/2-1/2"]
[WhiteElo "2035"]
[BlackElo "2207"]
[PlyCount "99"]
[EventDate "2023.01.02"]
[EventType "swiss"]
[EventRounds "9"]
[EventCountry "GER"]
[SourceTitle "CBM 212 Extra"]
[Source "ChessBase"]
[SourceDate "2023.03.31"]
[SourceVersion "1"]
[SourceVersionDate "2023.03.31"]
[SourceQuality "1"]

1. d4 f5 2. c4 Nf6 3. Nc3 e6 4. g3 Be7 5. Bg2 0-0 6. Nf3 d6 7. 0-0 Ne4 8. Qc2 Nxc3 9. Qxc3 a5 10. Re1 Bf6 11. Qb3 a4 12. Qc2 c5 13. dxc5 dxc5 14. e4 Nc6 15. a3 Bd4 16. Bg5 Qb6 17. Nxd4 Nxd4 18. Qc3 e5 19. exf5 Rxf5 20. Be3 Bd7 21. Bd5+ Kh8 22. Bxd4 cxd4 23. Qb4 Qd8 24. Be4 Rf6 25. c5 Rc8 26. Rac1 Rb8 27. Rcd1 Qc7 28. Rd2 Bf5 29. Qb5 h6 30. Bg2 Bd7 31. Qc4 Bc6 32. Bxc6 Rxc6 33. Rc2 Rc8 34. Rec1 Qe7 35. Qxa4 Rxc5 36. Rxc5 Rxc5 37. Rxc5 Qxc5 38. Qa8+ Kh7 39. Qxb7 Qc2 40. Qf7 Qe4 41. Qd7 d3 42. b4 Qe1+ 43. Kg2 d2 44. Qf5+ Kg8 45. Qc8+ Kf7 46. Qd7+ Kf6 47. Qc6+ Kf5 48. Qf3+ Kg6 49. Qg4+ Kf6 50. Qf3+ 1/2-1/2

[Event "Heusenstamm Schloss op"]
[Site "Heusenstamm"]
[Date "2022.11.19"]
[Round "5"]
[White "Korneev, Oleg"]
[Black "Nemitz, Alfred"]
[Result "1-0"]
[WhiteElo "2470"]
[BlackElo "1802"]
[PlyCount "75"]
[EventDate "2022.11.17"]
[EventType "swiss"]
[EventRounds "7"]
[EventCountry "GER"]
[SourceTitle "CBM 211 Extra"]
[Source "ChessBase"]
[SourceDate "2023.01.31"]
[SourceVersion "1"]
[SourceVersionDate "2023.01.31"]
[SourceQuality "1"]

1. d4 Nf6 2. Nf3 e6 3. Bf4 b6 4. e3 Bb7 5. h3 Be7 6. Nbd2 0-0 7. Bd3 c5 8. c3 Nc6 9. 0-0 a6 10. e4 d6 11. Be3 b5 12. Qe2 b4 13. a3 a5 14. Rfd1 Qc7 15. Bf4 Nd7 16. a4 Nd8 17. Bb5 Bc6 18. c4 Bxb5 19. cxb5 cxd4 20. Nxd4 Bf6 21. Rac1 Qb8 22. Nc6 Nxc6 23. bxc6 Be5 24. Be3 Nc5 25. Bxc5 dxc5 26. Nb3 Bd4 27. Nxc5 Bxc5 28. Rxc5 Qb6 29. Qc4 Rac8 30. c7 h6 31. b3 Rfe8 32. e5 Kh7 33. Rd6 Qb7 34. Qd3+ g6 35. Rd8 Re7 36. Rxc8 Qxc8 37. Qd8 Re8 38. Qxe8 1-0